000
00311nam a22001217a 4500
020
_a
0572008082
082
_a
151.84 GIL
100
_a
Gilles,D.C.
_9
6396
245
_a
The Computer and Business : What management should know
260
_a
Longon
_b
W.Foulsham & Co LTD
_c
1972
300
_a
173p
_b
ill.
942
_c
BK
999
_c
20371
_d
20371